Kačestvo učebnovo processa

Salvato in:
Dettagli Bibliografici
Autore principale: Varchola, Michal
Altri autori: Dubovická, Lenka
Natura: Capitolo di libro
Lingua:russo
Tags: Aggiungi Tag
Nessun Tag, puoi essere il primo ad aggiungerne!!

MARC

LEADER 00000naa$a2200000$$$4500
001 0060890
005 20240502083145.6
041 0 |a rus 
044 |a UA 
245 1 0 |a Kačestvo učebnovo processa  |c Michal Varchola, Lenka Dubovická 
100 1 |a Varchola, Michal 
700 1 |a Dubovická, Lenka